header

Irrigation :theory and practice (Record no. 251832)

MARC details
000 -LEADER
fixed length control field 00391nam a22001577a 4500
003 - CONTROL NUMBER IDENTIFIER
control field OSt
005 - DATE AND TIME OF LATEST TRANSACTION
control field 20230818135012.0
008 - FIXED-LENGTH DATA ELEMENTS--GENERAL INFORMATION
fixed length control field 230818b xxu||||| |||| 00| 0 eng d
020 ## - INTERNATIONAL STANDARD BOOK NUMBER
International Standard Book Number 0706998499
040 ## - CATALOGING SOURCE
Transcribing agency N/A
100 ## - MAIN ENTRY--PERSONAL NAME
Personal name Michael .A.M.
245 ## - TITLE STATEMENT
Title Irrigation :theory and practice
260 ## - PUBLICATION, DISTRIBUTION, ETC. (IMPRINT)
Place of publication, distribution, etc NewYork
Name of publisher, distributor, etc Vikas Publishing House Pvt Ltd
Date of publication, distribution, etc 2002
300 ## - PHYSICAL DESCRIPTION
Extent 801
Other physical details ILL
942 ## - ADDED ENTRY ELEMENTS (KOHA)
Koha item type Long Loan Books
Source of classification or shelving scheme Library of Congress Classification
Holdings
Withdrawn status Lost status Damaged status Not for loan Collection code Home library Current library Shelving location Date acquired Total Checkouts Full call number Barcode Date last seen Date checked out Price effective from Koha item type
        Non-fiction Rongo University Library Rongo University Library General Stacks 14/01/2016 1 S616 .M59 2002 20089219 03/06/2024 03/06/2024 14/01/2016 Long Loan Books
        Non-fiction Rongo University Library Rongo University Library General Stacks 14/01/2016   S616 .M59 2002 20089243 14/01/2016   14/01/2016 Long Loan Books

© 2026 Rongo University
Contact us: librarian | system librarian | Rongo university